000
00330nam a22001337a 4500
020
_a
978-1-292-16407-6
082
_a
006.74
100
_a
Felke-Morris, Terry A.
245
_a
Web Development and Design Foundations with HTML5
250
_a
8th
260
_a
Harlow:
_b
Pearson,
_c
2017
300
_a
712p.: ill.; 27cm
942
_c
BK
999
_c
22226
_d
22226